Sports Quiz

Random Sports or Numbers Quiz

150+ Strikeout Pitchers Since 2000 Quiz Stats

 Plays Quiz not verified by Sporcle

Challenge
Share
Tweet
Embed
Score 0/150 Timer 15:00
0 Plays Today
Team(s) Player % Correct
ARI, NYYRandy Johnson
99.3%
FLAJosh Johnson
99.2%
CLE, MIL, NYYC.C. Sabathia
96.3%
NYY, HOURoger Clemens
96.1%
FLA, BOSJosh Beckett
96%
MIN, NYMJohan Santana
95.3%
LAAErvin Santana
95.2%
BOS, NYMPedro Martinez
95%
HOU, PHIRoy Oswalt
93.8%
PHI, ARI, BOSCurt Schilling
92.4%
SDPJake Peavy
91.6%
CHCCarlos Zambrano
90%
OAK, SFGBarry Zito
89.9%
BAL, NYYMike Mussina
89.6%
NYY, HOUAndy Pettitte
89.2%
TOR, PHIRoy Halladay
88.7%
SFGTim Lincecum
85.6%
ARIBrandon Webb
85.3%
TOR, STLChris Carpenter
84.3%
CLE, PHI, SEA, TEXCliff Lee
83.7%
SEAFelix Hernandez
83.1%
SFG, MONLivan Hernandez
83.1%
ARI, NYMOrlando Hernandez
83.1%
ATL, CHCGreg Maddux
82.9%
FLA, TOR, NYYA.J. Burnett
80.7%
MON, NYY, ARI, CHW, ATLJavier Vazquez
80.7%
OAKTim Hudson
80.7%
ATLTom Glavine
80.4%
DETJustin Verlander
79.7%
OAK, ARI, LAADan Haren
78.4%
KCRZack Greinke
77.3%
ATLJohn Smoltz
76.6%
PHICole Hamels
75%
OAKMark Mulder
72.6%
LAAJohn Lackey
72.4%
TBRScott Kazmir
71.1%
SFGMatt Cain
71%
STLAdam Wainwright
69.4%
CHCKerry Wood
69%
CHWMark Buehrle
68.1%
BOSTim Wakefield
67.6%
TOR, CHCTed Lilly
67%
MILBen Sheets
66.4%
CINAaron Harang
66.1%
CHCMark Prior
64.8%
ATL, PHI, TEXKevin Millwood
64.3%
CLE, CHW, LAABartolo Colon
62.8%
TBRJames Shields
61.7%
CINBronson Arroyo
61.4%
FLADontrelle Willis
61.3%
Team(s) Player % Correct
HOUWandy Rodriguez
60.9%
BOSJon Lester
60.4%
PIT, NYMOliver Perez
59.4%
LADOdalis Perez
59.3%
LAAJered Weaver
57.4%
LAD, DETJeff Weaver
57.4%
SFGJason Schmidt
56.4%
OAK, CHCRich Harden
55.9%
TORDavid Wells
54.8%
COLUbaldo Jimenez
53%
FLA, CIN, CHCRyan Dempster
51.9%
NYMMike Hampton
50.9%
BOSDaisuke Matsuzaka
50.8%
LADChad Billingsley
50.5%
SDPChris Young
50.2%
PHI, SDP, HOU, LADRandy Wolf
49.7%
NYMJohn Maine
49.5%
LADClayton Kershaw
49.4%
FLABrad Penny
49%
LADKevin Brown
49%
SEA, CHWFreddy Garcia
48.4%
DETJeremy Bonderman
48.2%
MILYovani Gallardo
46.9%
NYY, CHWJose Contreras
46.4%
DET, ARI, CHWEdwin Jackson
45.4%
SFGJonathan Sanchez
45.1%
SEA, KCRGil Meche
45%
PHI, HOUBrett Myers
44.6%
PHIJoe Blanton
44.4%
TEXVicente Padilla
44.2%
TBRMatt Garza
44.2%
BALErik Bedard
43.5%
SDP, STLWoody Williams
43.1%
MILDoug Davis
38.7%
COLJeff Francis
37.8%
DETNate Robertson
36.7%
DET, BOS, LADHideo Nomo
35.4%
ATLJair Jurrjens
34.7%
OAKBrett Anderson
34.5%
CINEdinson Volquez
34.2%
CHWJohn Danks
33.9%
CINJohnny Cueto
33.5%
STLMatt Morris
33.2%
NYMAl Leiter
32.9%
LADChan Ho Park
31.9%
SFGRuss Ortiz
31.8%
LAARamon Ortiz
31.7%
BALDaniel Cabrera
30.1%
MINScott Baker
29.9%
COLJorge de la Rosa
28.4%
Team(s) Player % Correct
TOR, LAAKelvim Escobar
27.5%
FLARicky Nolasco
27.5%
BALSidney Ponson
27%
CHWGavin Floyd
26.8%
HOUWade Miller
24.9%
STLDarryl Kile
23.6%
SDP, CHCMatt Clement
22.9%
PITIan Snell
22.8%
CHWEsteban Loaiza
22.1%
MILDavid Bush
21.3%
CHCJon Lieber
21%
SEAJoel Piniero
20.6%
MILChris Capuano
18.9%
MIN, PHIEric Milton
18.5%
ATLJaret Wright
17.1%
PITKris Benson
16.6%
CHCRich Hill
16.1%
ARI, DETMax Scherzer
13.4%
CLE, STLChuck Finley
13.4%
NYMKevin Appier
13.4%
SDPAdam Eaton
12.2%
HOUBrad Lidge
12%
ATLJohn Burkett
11.4%
STLRick Ankiel
11.2%
COL, NYMPedro Astacio
10.6%
TEXRick Helling
9.8%
SFGNoah Lowry
9.4%
TEXC.J. Wilson
8.6%
MONTony Armas
8.6%
PHIRobert Person
8.3%
FLAScott Olsen
7.4%
MINFrancisco Liriano
7.2%
OAKGio Gonzalez
7%
CHCKevin Tapani
5.2%
TORShawn Marcum
4.9%
TEXColby Lewis
4.8%
ATLTommy Hanson
4.8%
LADDarren Dreifort
4.8%
WSNJohn Patterson
4.6%
NYMGlendon Rusch
4.6%
TORRicky Romero
4.5%
FLAMark Redman
4.5%
SDPMat Latos
4.5%
ARIIan Kennedy
4.3%
OAKChad Gaudin
4%
CLEDave Burba
3.9%
PHIBrandon Duckworth
3.4%
TORBrandon Morrow
3.1%
CHCJason Bere
2.2%
MILMatt Kinney
0.6%

You're not logged in!

Compare scores with friends on all Sporcle quizzes.
OR
Log In

You Might Also Like...

Show Comments

Extras

Top Quizzes Today


Score Distribution

Your Account Isn't Verified!

In order to create a playlist on Sporcle, you need to verify the email address you used during registration. Go to your Sporcle Settings to finish the process.

Report this User

Report this user for behavior that violates our Community Guidelines.

Details: